000 00347 a2200097 4500
245 0 0 _aOchrona przed promieniowaniem optycznym - Promieniowanie laserowe Metody pomiaru PN-90/T-06591 /
_cMPiPSocjalnej.
246 1 3 _aPN-90/T-06591
246 1 3 _a621.375.826:535.2:614.893-086
260 _aWarszawa :
_bMPiPSocjalnej,
_c1990.
300 _a4 stron ;
_c30 cm.
650 _aPolska norma
999 _c21481
_d21481